The social costs of monopoly power (Registro nro. 26583)

Detalles MARC
000 -LEADER
fixed length control field 00355 a2200121 4500
001 - CONTROL NUMBER
control field ART_12690
005 - DATE AND TIME OF LATEST TRANSACTION
control field 20260410161908.0
008 - FIXED-LENGTH DATA ELEMENTS--GENERAL INFORMATION
fixed length control field 260409a
100 1# - MAIN ENTRY--PERSONAL NAME
Personal name Mueller, Dennis C.
245 10 - TITLE STATEMENT
Title The social costs of monopoly power
700 1# - ADDED ENTRY--PERSONAL NAME
Personal name Cowling, Keith
773 0# - HOST ITEM ENTRY
Title The Economic Journal
Related parts - Vol. 88, Nº 352 (dic. 1978)
Record control number REV12512

No hay ítems disponibles.